[Event "Olympiade"]
[Site "Charlesbourg CAN"]
[Date "2014.12.01"]
[Round "4"]
[White "Fecteau, Martin"]
[Black "Beauchesne, Jonathan"]
[Result "1-0"]
[WhiteElo "1839"]
[BlackElo "1710"]
[PlyCount "105"]
[EventDate "2014.11.10"]
[EventType "team"]
[EventRounds "6"]
[EventCountry "CAN"]

1. e4 c5 2. Nf3 d6 3. Bb5+ Bd7 4. Bxd7+ Qxd7 5. O-O Nc6 6. d4 cxd4 7. Nxd4 Nf6
8. Nc3 g6 9. h3 Bg7 10. Be3 O-O 11. Qd2 Rfd8 12. Rad1 Rac8 13. Qe2 Qe8 14. Ndb5
a6 15. Na7 Nxa7 16. Bxa7 Rc6 17. Nd5 Rdc8 18. c3 Nd7 19. Bd4 Bxd4 20. Rxd4 Nb6
21. Ne3 Nd7 22. Ng4 Qf8 23. f4 b5 24. f5 Rc4 25. Rxc4 Rxc4 26. fxg6 hxg6 27.
Qe3 Ne5 28. Nxe5 dxe5 29. Qd3 Rc8 30. Qd5 e6 31. Qxe5 Qc5+ 32. Qxc5 Rxc5 33.
Kf2 Kf8 34. Ke3 Ke7 35. Rd1 Rg5 36. Kf3 Rc5 37. a3 a5 38. Rd4 e5 39. Rd3 a4 40.
h4 f5 41. g3 Ke6 42. Rd1 Ke7 43. g4 fxe4+ 44. Kxe4 Rc4+ 45. Kf3 Ke6 46. Kg3 Re4
47. h5 gxh5 48. gxh5 Kf5 49. Rd5 Kg5 50. Rxb5 Kxh5 51. Kf3 Re1 52. Kf2 Re4 53.
Rb4 1-0

[Event "Olympiade"]
[Site "Charlesbourg CAN"]
[Date "2014.12.01"]
[Round "4"]
[White "Glode, Martin"]
[Black "Garneau, Benoit"]
[Result "1-0"]
[WhiteElo "1812"]
[BlackElo "1915"]
[PlyCount "119"]
[EventDate "2014.11.10"]
[EventType "team"]
[EventRounds "6"]
[EventCountry "CAN"]

1. e4 c5 2. Nf3 Nc6 3. c3 d5 4. exd5 Qxd5 5. d4 Bg4 6. Nbd2 cxd4 7. Bc4 Qd7 8.
Qb3 e6 9. Bb5 dxc3 10. Qxc3 Bxf3 11. Qxf3 Nf6 12. O-O Qd5 13. Ba4 Bb4 14. Bb3
Qxf3 15. Nxf3 O-O 16. a3 Bc5 17. Bg5 Ne4 18. Rac1 Nxg5 19. Nxg5 Be7 20. Nf3
Rfd8 21. Rfd1 Bf6 22. Rb1 Rxd1+ 23. Bxd1 Rd8 24. b4 Rd3 25. b5 Na5 26. a4 Rc3
27. Kf1 Kf8 28. Ke2 e5 29. Nd2 Nc4 30. Ne4 Ra3 31. Rc1 Ra2+ 32. Kd3 Nb2+ 33.
Ke2 Nxa4+ 34. Ke1 Nb6 35. Rc7 Rb2 36. Rxb7 Rxb5 37. Nd6 Rd5 38. Rxf7+ Kg8 39.
Bb3 Rd3 40. Ba2 Ra3 41. Rxa7+ Rxa2 42. Rxa2 Kf8 43. Ra7 Be7 44. Nf5 Nd5 45. Rd7
Bb4+ 46. Kf1 Ne7 47. Rb7 Bc5 48. Ng3 Kf7 49. Ne4 Bd4 50. Ng5+ Kg6 51. Rxe7 Kxg5
52. Rxg7+ Kh6 53. Rg8 Kh5 54. f3 h6 55. Rg4 Bc5 56. Ke2 Be7 57. Kd3 Bd6 58. Ke4
Bc7 59. Kf5 Bd6 60. g3 1-0

[Event "Olympiade"]
[Site "Charlesbourg CAN"]
[Date "2014.12.01"]
[Round "4"]
[White "Laflamme, Simon"]
[Black "Lapierre, Gaetan"]
[Result "0-1"]
[WhiteElo "2004"]
[BlackElo "1949"]
[PlyCount "92"]
[EventDate "2014.11.10"]
[EventType "team"]
[EventRounds "6"]
[EventCountry "CAN"]

1. Nf3 Nf6 2. c4 d6 3. d4 Nbd7 4. Nc3 g6 5. e4 e5 6. d5 Bg7 7. h3 Nh5 8. Be2
Nf4 9. O-O a6 10. Re1 Nxe2+ 11. Qxe2 h6 12. Be3 f5 13. g3 O-O 14. Nh4 f4 15.
Bd2 Kh7 16. Nf3 g5 17. g4 h5 18. Nh2 Nf6 19. f3 Bh6 20. b4 Bd7 21. c5 b6 22.
cxd6 cxd6 23. Rec1 b5 24. Be1 Qb6+ 25. Bf2 Qb7 26. Rc2 Rfc8 27. Rac1 Rc4 28. a3
Rac8 29. Nf1 hxg4 30. hxg4 Bf8 31. Nd2 R4c7 32. Nb3 Be7 33. Kg2 Kg7 34. Qf1 Rh8
35. Qg1 Nxg4 36. fxg4 Bxg4 37. Nd2 Qc8 38. Be1 Rh3 39. Kf1 Bd1 40. Rxd1 Rcxc3
41. Rxc3 Qxc3 42. Bf2 f3 43. Qg4 Rh1+ 44. Bg1 Qd3+ 45. Kf2 Qe2+ 46. Kg3 Qg2#
0-1

[Event "Olympiade"]
[Site "Charlesbourg CAN"]
[Date "2014.12.01"]
[Round "4"]
[White "Leblanc-Legault, Mathieu"]
[Black "Lalonde, Stephane"]
[Result "1-0"]
[WhiteElo "1435"]
[BlackElo "1589"]
[PlyCount "77"]
[EventDate "2014.11.10"]
[EventType "team"]
[EventRounds "6"]
[EventCountry "CAN"]

1. d4 d5 2. e3 Nf6 3. Nf3 Bg4 4. c4 c6 5. Nbd2 e6 6. g3 Qa5 7. b3 Ne4 8. Bd3
Bb4 9. Be2 Nc3 10. Qc2 Nxe2 11. Kxe2 dxc4 12. Nxc4 Qh5 13. Nce5 Bh3 14. Rg1 Bg4
15. Qe4 Bf5 16. Qh4 Qxh4 17. Nxh4 Bg6 18. f3 Nd7 19. Bb2 Rd8 20. Ng4 c5 21. d5
f6 22. dxe6 Nf8 23. Rgd1 Nxe6 24. Rxd8+ Kxd8 25. Nxf6 Ke7 26. Nxg6+ hxg6 27.
Nd5+ Kf7 28. h4 g5 29. Nxb4 cxb4 30. Rh1 Rc8 31. Rc1 Rxc1 32. Bxc1 gxh4 33.
gxh4 Nc5 34. e4 Kg6 35. Bg5 Ne6 36. f4 Nxg5 37. hxg5 b5 38. Kd3 Kf7 39. Kd4 1-0

[Event "Olympiade"]
[Site "Charlesbourg CAN"]
[Date "2014.12.01"]
[Round "4"]
[White "Lessard, Claude"]
[Black "Beaudoin, Stephane"]
[Result "0-1"]
[WhiteElo "2058"]
[BlackElo "2159"]
[PlyCount "78"]
[EventDate "2014.11.10"]
[EventType "team"]
[EventRounds "6"]
[EventCountry "CAN"]

1. Nf3 Nf6 2. g3 g6 3. b4 Bg7 4. Bb2 O-O 5. Bg2 Na6 6. a3 c5 7. b5 Nc7 8. a4 d5
9. c4 dxc4 10. O-O Ncd5 11. Na3 c3 12. dxc3 Ne4 13. Nh4 Nexc3 14. Qe1 Qa5 15.
Bxd5 Qb4 16. Bxc3 Bxc3 17. Qb1 Bxa1 18. Qxa1 Qxa4 19. Rc1 Rd8 20. Bf3 g5 21.
Ng2 g4 22. Ne3 gxf3 23. Rc4 Qb3 24. Rxc5 f6 25. exf3 Rd3 26. Nac2 Bh3 27. Rh5
Be6 28. g4 Qc3 29. Qa4 Bf7 30. Rh4 Bg6 31. f4 Rd2 32. f5 Bf7 33. g5 fxg5 34.
Rg4 Kh8 35. Qe4 Qf6 36. Qxb7 Rad8 37. Qxa7 Rxc2 38. Nxc2 Rd1+ 39. Kg2 Bd5+ 0-1

[Event "Olympiade"]
[Site "Charlesbourg CAN"]
[Date "2014.12.01"]
[Round "4"]
[White "Marquis, Paul"]
[Black "Dube, Daniel"]
[Result "1-0"]
[WhiteElo "1985"]
[BlackElo "1947"]
[PlyCount "81"]
[EventDate "2014.11.10"]
[EventType "team"]
[EventRounds "6"]
[EventCountry "CAN"]

1. e4 Nf6 2. e5 Nd5 3. d4 d6 4. c4 Nb6 5. exd6 cxd6 6. Nf3 g6 7. Be3 Bg7 8. Qd2
Bg4 9. Ng5 O-O 10. f3 Bf5 11. Bd3 Bxd3 12. Qxd3 d5 13. c5 Nc4 14. Nd2 e5 15.
Nxc4 dxc4 16. Qxc4 exd4 17. O-O-O Nc6 18. Ne4 b6 19. Bg5 Na5 20. Bxd8 Nxc4 21.
Be7 Rfe8 22. Bf6 bxc5 23. Bxg7 Kxg7 24. Nxc5 Rac8 25. b4 Rcd8 26. Ne4 f5 27.
Nc5 Kf6 28. Rhe1 Rxe1 29. Rxe1 Ne3 30. Kd2 Nxg2 31. Re6+ Kf7 32. Ra6 Nh4 33.
Rxa7+ Kg8 34. b5 Nxf3+ 35. Kd1 Ne5 36. b6 d3 37. b7 Nc6 38. Ra8 Nb8 39. Na6 Kg7
40. Rxb8 Rd6 41. Rg8+ 1-0

[Event "Olympiade"]
[Site "Charlesbourg CAN"]
[Date "2014.12.01"]
[Round "4"]
[White "Tremblay-Alix, Eric"]
[Black "Abran, David"]
[Result "1-0"]
[WhiteElo "1803"]
[BlackElo "1889"]
[PlyCount "153"]
[EventDate "2014.11.10"]
[EventType "team"]
[EventRounds "6"]
[EventCountry "CAN"]

1. g3 c5 2. c4 Nc6 3. Bg2 Nf6 4. Nc3 e6 5. e4 d6 6. Nf3 Be7 7. O-O O-O 8. Re1
Ne5 9. Nxe5 dxe5 10. d3 b6 11. a4 Bb7 12. b3 Qd4 13. Qc2 Rfd8 14. Bf1 Ng4 15.
Bb2 Qd7 16. Qe2 Nf6 17. a5 Ne8 18. axb6 axb6 19. Na4 Qd6 20. Qh5 f6 21. Rad1 g6
22. Qe2 Nc7 23. Nc3 Bf8 24. Qe3 Bg7 25. Bh3 Bc6 26. Re2 Na6 27. Na2 Bb7 28.
Red2 Nb8 29. Bc3 Nc6 30. Rb1 Ra3 31. b4 cxb4 32. Bxb4 Nxb4 33. Nxb4 f5 34. Bg2
f4 35. Qe1 Bh6 36. Rdd1 fxg3 37. hxg3 Rf8 38. Qe2 Qc5 39. Rf1 Bc8 40. Kh2 Ra7
41. Nc2 Raf7 42. f3 Bg7 43. Qf2 Rd7 44. Rxb6 Qxf2 45. Rxf2 Rxd3 46. Ne1 Re3 47.
Nc2 Rxe4 48. fxe4 Rxf2 49. Rb8 Rf8 50. Nb4 Bd7 51. Na6 Kf7 52. Rb7 Ke7 53. Nc5
Rd8 54. Ra7 Bh6 55. Na6 Kd6 56. Rc7 Ke7 57. c5 Rc8 58. Rb7 Kd8 59. Nb8 Rc7 60.
c6 Bc8 61. Rb3 Ra7 62. Bf1 Kc7 63. Bc4 Ra8 64. Nd7 Kxc6 65. Nxe5+ Kc5 66. Bf1
Ra2+ 67. Kh3 Kd4 68. Ng4 e5 69. Rb4+ Kc3 70. Rc4+ Kd2 71. Rxc8 Bg5 72. Nxe5 Bf6
73. Ng4 Bg5 74. Rc5 Be3 75. Rd5+ Ke1 76. Nxe3 Ra3 77. Nc2+ 1-0

[Event "Olympiade"]
[Site "Charlesbourg CAN"]
[Date "2014.12.08"]
[Round "5"]
[White "Abran, David"]
[Black "Garneau, Benoit"]
[Result "1-0"]
[WhiteElo "1889"]
[BlackElo "1915"]
[PlyCount "69"]
[EventDate "2014.11.10"]
[EventType "team"]
[EventRounds "6"]
[EventCountry "CAN"]

1. c4 e5 2. Nc3 Nf6 3. g3 Nc6 4. Bg2 Bb4 5. Nd5 Bc5 6. e3 d6 7. a3 a5 8. Ne2
O-O 9. d4 Ba7 10. O-O Re8 11. Nxf6+ Qxf6 12. d5 Nb8 13. Nc3 Na6 14. Qa4 Qe7 15.
Qxa5 Bd7 16. Nb5 Bb6 17. Qe1 Nc5 18. b4 Nd3 19. Qd2 e4 20. Nd4 f5 21. Bb2 g5
22. Bc3 f4 23. exf4 gxf4 24. gxf4 Qh4 25. Qe3 Nxf4 26. Kh1 Nxg2 27. Kxg2 Kf7
28. Kh1 Rg8 29. f3 Bh3 30. Rg1 Rxg1+ 31. Rxg1 Rg8 32. Rxg8 Kxg8 33. Qxe4 Qf2
34. Qe8+ Kg7 35. Ne6+ 1-0

[Event "Olympiade"]
[Site "Charlesbourg CAN"]
[Date "2014.12.08"]
[Round "5"]
[White "Coulon, Dominic"]
[Black "Fecteau, Martin"]
[Result "0-1"]
[WhiteElo "1808"]
[BlackElo "1839"]
[PlyCount "80"]
[EventDate "2014.11.10"]
[EventType "team"]
[EventRounds "6"]
[EventCountry "CAN"]

1. e4 c5 2. f4 d6 3. Nf3 g6 4. Bc4 Bg7 5. O-O e6 6. c3 Nc6 7. d3 Nge7 8. Be3
O-O 9. Nbd2 d5 10. Bb3 b6 11. e5 Ba6 12. Bc2 f6 13. exf6 Rxf6 14. Re1 Nf5 15.
Bf2 Qd6 16. Ne5 Rff8 17. Ndf3 Rae8 18. g4 Nh6 19. Bg3 Nxe5 20. Nxe5 Qd8 21. d4
Nf7 22. Nf3 Qc8 23. Qb1 cxd4 24. cxd4 Qd7 25. a4 Rc8 26. Ra3 Rc6 27. f5 Qc8 28.
fxg6 Rxc2 29. gxf7+ Rxf7 30. Ng5 Bxd4+ 31. Kh1 Re7 32. Bd6 Rd7 33. Nxe6 Bxb2
34. Rf3 Rf7 35. Rxf7 Kxf7 36. Ng5+ Kg8 37. Qd1 d4 38. Qf3 Bb7 39. Ne4 Rc1 40.
Qb3+ Qc4 0-1

[Event "Olympiade"]
[Site "Charlesbourg CAN"]
[Date "2014.12.08"]
[Round "5"]
[White "Cyr, Vincent"]
[Black "Belzil, Claude"]
[Result "1-0"]
[WhiteElo "1445"]
[BlackElo "1349"]
[PlyCount "43"]
[EventDate "2014.11.10"]
[EventType "team"]
[EventRounds "6"]
[EventCountry "CAN"]

1. e4 c5 2. Nf3 d6 3. Bc4 Nf6 4. Ng5 e6 5. f3 d5 6. exd5 Nxd5 7. d4 Be7 8. Ne4
b6 9. dxc5 bxc5 10. Bd2 Nc6 11. Nbc3 Ne5 12. Bb3 O-O 13. f4 Nc6 14. Qf3 Nd4 15.
Qf2 Rb8 16. O-O-O Nxb3+ 17. cxb3 c4 18. bxc4 Rxb2 19. Kxb2 Nxc3 20. Bxc3 Qc7
21. Qg3 Qxc4 22. Qxg7# 1-0

[Event "Olympiade"]
[Site "Charlesbourg CAN"]
[Date "2014.12.08"]
[Round "5"]
[White "Dube, Daniel"]
[Black "Lapierre, Gaetan"]
[Result "0-1"]
[WhiteElo "1947"]
[BlackElo "1949"]
[PlyCount "92"]
[EventDate "2014.11.10"]
[EventType "team"]
[EventRounds "6"]
[EventCountry "CAN"]

1. e4 d6 2. d4 Nf6 3. Nc3 g6 4. g3 Bg7 5. Bg2 O-O 6. Nge2 e5 7. O-O Nc6 8. d5
Ne7 9. h3 Ne8 10. g4 f5 11. exf5 gxf5 12. Ng3 f4 13. Nh5 Ng6 14. Be4 Qh4 15.
Nxg7 Kxg7 16. Qf3 Nf6 17. Qg2 Nxg4 18. hxg4 Bxg4 19. Qh2 Qg5 20. Kh1 Nh4 21. f3
Rf6 22. Rg1 h5 23. fxg4 hxg4 24. Bd2 Rh8 25. Rxg4 Qxg4 26. Rg1 Ng2 27. Rxg2
Qxg2+ 28. Kxg2 f3+ 29. Bxf3 Rxh2+ 30. Kxh2 Rxf3 31. Kg2 Rf7 32. Ne4 Kg6 33. Be3
a6 34. c4 Kf5 35. Ng3+ Kg4 36. b4 Rf3 37. Nf1 Rf7 38. Nd2 c6 39. Ne4 cxd5 40.
cxd5 Rc7 41. Nxd6 Rc2+ 42. Bf2 Rxa2 43. Nxb7 e4 44. Kf1 Kf3 45. Na5 Ra1+ 46.
Be1 e3 0-1

[Event "Olympiade"]
[Site "Charlesbourg CAN"]
[Date "2014.12.08"]
[Round "5"]
[White "Leblanc-Legault, Mathieu"]
[Black "Boissinot, Claude"]
[Result "1-0"]
[WhiteElo "1435"]
[BlackElo "1488"]
[PlyCount "99"]
[EventDate "2014.11.10"]
[EventType "team"]
[EventRounds "6"]
[EventCountry "CAN"]

1. d4 Nf6 2. c4 e6 3. Nf3 b6 4. g3 Bb7 5. Bg2 Be7 6. Nc3 d5 7. cxd5 exd5 8. O-O
O-O 9. Qc2 a6 10. Rd1 Nbd7 11. Ne5 Rc8 12. Bg5 h6 13. Bxf6 Nxf6 14. Bh3 Rb8 15.
Rac1 Qd6 16. a3 c5 17. e3 Ne4 18. Nd7 Ng5 19. Bf5 cxd4 20. exd4 Bf6 21. Kg2 Ne6
22. Nxf8 Nxd4 23. Rxd4 Bxd4 24. Ne2 Be5 25. Nd7 Rd8 26. Nxe5 Qxe5 27. Qc7 Qf6
28. Bd3 Ba8 29. Nd4 Re8 30. Qd7 Qe5 31. Rc8 Kf8 32. Rxe8+ Qxe8 33. Qxe8+ Kxe8
34. Bxa6 g6 35. f4 Ke7 36. Kf3 Kd6 37. b4 f5 38. g4 fxg4+ 39. Kxg4 Ke7 40. f5
Kf6 41. fxg6 Kxg6 42. Bd3+ Kf6 43. Kh5 Ke5 44. Nb5 d4 45. Kxh6 Bf3 46. h4 Bc6
47. h5 Bxb5 48. Bxb5 Kf6 49. Bd3 Kf7 50. a4 1-0

[Event "Olympiade"]
[Site "Charlesbourg CAN"]
[Date "2014.12.08"]
[Round "5"]
[White "Lessard, Claude"]
[Black "Cossette, Daniel"]
[Result "1-0"]
[WhiteElo "2058"]
[BlackElo "2027"]
[PlyCount "97"]
[EventDate "2014.11.10"]
[EventType "team"]
[EventRounds "6"]
[EventCountry "CAN"]

1. d4 d5 2. c4 e6 3. Nf3 c5 4. cxd5 exd5 5. Nc3 Nc6 6. g3 Nf6 7. Bg2 Be7 8. O-O
O-O 9. dxc5 d4 10. Na4 Bf5 11. Nh4 Be4 12. Bxe4 Nxe4 13. Nf5 Nxc5 14. Nxc5 Bxc5
15. Bf4 Ne7 16. Rc1 Rc8 17. Rxc5 Rxc5 18. Nxd4 Rd5 19. e3 Nc6 20. Qf3 Nxd4 21.
exd4 Rxd4 22. Qxb7 Qd7 23. Qxd7 Rxd7 24. Rc1 Re8 25. Be3 f6 26. Kg2 Re6 27. h4
Kf7 28. Rc8 Kg6 29. a3 h5 30. b4 Ra6 31. Rc3 Kf5 32. Kf3 Rad6 33. a4 Rd1 34.
Rc5+ Ke6 35. Rxh5 Rb7 36. Ra5 Rxb4 37. Rxa7 Ra1 38. Rxg7 Rbxa4 39. h5 Rh1 40.
h6 Ra8 41. Rb7 Rh8 42. g4 Rh3+ 43. Ke4 Ra8 44. h7 Ra4+ 45. Bd4 Rh4 46. f4 Rh3
47. f5+ Kd6 48. Rf7 Rh6 49. Rxf6+ 1-0

[Event "Olympiade"]
[Site "Charlesbourg CAN"]
[Date "2014.12.08"]
[Round "5"]
[White "Marquis, Paul"]
[Black "Laflamme, Simon"]
[Result "1/2-1/2"]
[WhiteElo "1985"]
[BlackElo "2004"]
[PlyCount "95"]
[EventDate "2014.11.10"]
[EventType "team"]
[EventRounds "6"]
[EventCountry "CAN"]

1. c4 c5 2. Nc3 Nc6 3. g3 g6 4. Bg2 Bg7 5. Nf3 e5 6. O-O Nge7 7. d3 O-O 8. a3
d6 9. Rb1 a5 10. Bd2 f5 11. e3 Kh8 12. Ne1 Be6 13. Nd5 Rb8 14. Nc2 b5 15. Nxe7
Nxe7 16. cxb5 Bb3 17. Qc1 Rxb5 18. Bc3 Qb6 19. a4 Bxa4 20. Na3 Rb3 21. Nc4 Qb8
22. Nxa5 Rb6 23. Ra1 Bb5 24. Nc4 Bxc4 25. dxc4 e4 26. Bxg7+ Kxg7 27. Qc3+ Kg8
28. Rab1 Nc6 29. f3 Rb3 30. Qd2 Rd3 31. Qe2 Qb3 32. fxe4 Rxe3 33. Qd1 Nd4 34.
Qxb3 Rxb3 35. exf5 Rxf5 36. Rxf5 Nxf5 37. Bd5+ Kg7 38. Kf2 Nd4 39. g4 g5 40.
Be4 h6 41. Bd5 Kf6 42. Kg2 Ne2 43. Be4 Nf4+ 44. Kg1 Ne2+ 45. Kg2 Nd4 46. Bd5
Ke5 47. Re1+ Kf6 48. Rb1 1/2-1/2

[Event "Olympiade"]
[Site "Charlesbourg CAN"]
[Date "2014.12.08"]
[Round "5"]
[White "Potvin, Alain-Nicolas"]
[Black "Beauchesne, Jonathan"]
[Result "0-1"]
[WhiteElo "1830"]
[BlackElo "1710"]
[PlyCount "46"]
[EventDate "2014.11.10"]
[EventType "team"]
[EventRounds "6"]
[EventCountry "CAN"]

1. d4 Nf6 2. c4 g6 3. Nc3 Bg7 4. e4 d6 5. f4 O-O 6. Nf3 c5 7. d5 Nh5 8. Be2 Bg4
9. O-O Nd7 10. h3 Bxf3 11. Rxf3 Bd4+ 12. Kh2 e5 13. dxe6 fxe6 14. Nb5 e5 15.
Nxd6 exf4 16. Nxb7 Qc7 17. Nxc5 Qxc5 18. b4 Qe5 19. Rb1 Ndf6 20. c5 Nxe4 21.
Bc4+ Kg7 22. Rbb3 Ng5 23. Rfd3 f3+ 0-1

[Event "Olympiade"]
[Site "Charlesbourg CAN"]
[Date "2014.12.08"]
[Round "5"]
[White "Remillard, Sebastien"]
[Black "Cote, Frederic"]
[Result "1-0"]
[WhiteElo "1214"]
[BlackElo "1170"]
[PlyCount "59"]
[EventDate "2014.11.10"]
[EventType "team"]
[EventRounds "6"]
[EventCountry "CAN"]

1. d4 Nf6 2. c4 c5 3. d5 e6 4. Nc3 exd5 5. cxd5 d6 6. Bg5 Nbd7 7. Nf3 Be7 8.
Qc2 h6 9. Bh4 Ne5 10. Nxe5 dxe5 11. e4 a6 12. a4 Qc7 13. Be2 Ng8 14. Bg3 Bg5
15. O-O Nf6 16. h4 Bf4 17. Bxf4 exf4 18. f3 g5 19. Rad1 Qd6 20. Bc4 g4 21. Rfe1
Qe5 22. Qf2 b6 23. d6 gxf3 24. Qxf3 Bg4 25. d7+ Bxd7 26. Nd5 Bg4 27. Nxf6+ Qxf6
28. Qxg4 Qxb2 29. Qd7+ Kf8 30. Qxf7# 1-0

[Event "Olympiade"]
[Site "Charlesbourg CAN"]
[Date "2014.12.08"]
[Round "5"]
[White "Tremblay-Alix, Eric"]
[Black "Glode, Martin"]
[Result "1/2-1/2"]
[WhiteElo "1803"]
[BlackElo "1812"]
[PlyCount "63"]
[EventDate "2014.11.10"]
[EventType "team"]
[EventRounds "6"]
[EventCountry "CAN"]

1. Nf3 d5 2. c4 e6 3. g3 c6 4. Bg2 Nd7 5. d4 Bd6 6. c5 Bc7 7. O-O Ngf6 8. Qc2
O-O 9. Bg5 h6 10. Bd2 Qe7 11. Nc3 e5 12. e3 Nh7 13. dxe5 Qxc5 14. e6 fxe6 15.
Nd4 Ndf6 16. f4 e5 17. Nb3 Qe7 18. Na4 Nd7 19. Bh3 Nhf6 20. a3 Bd6 21. Rae1 Nb6
22. Nxb6 axb6 23. Bg2 Bd7 24. Bc3 Rae8 25. Kh1 Qd8 26. Qf2 Ng4 27. Qf3 Nf6 28.
Nd2 Bg4 29. Qf2 Qc8 30. Nf3 Ne4 31. Qc2 Bf5 32. Qb3 1/2-1/2

[Event "Olympiade"]
[Site "Charlesbourg CAN"]
[Date "2014.12.15"]
[Round "6"]
[White "Beauchesne, Jonathan"]
[Black "Coulon, Dominic"]
[Result "0-1"]
[WhiteElo "1710"]
[BlackElo "1808"]
[PlyCount "86"]
[EventDate "2014.11.10"]
[EventType "team"]
[EventRounds "6"]
[EventCountry "CAN"]

1. e4 c5 2. c3 Nc6 3. d4 d5 4. exd5 Qxd5 5. Na3 Bf5 6. Nb5 O-O-O 7. Be3 a6 8.
Na3 e5 9. dxc5 Qe4 10. Qf3 Nf6 11. Qxe4 Nxe4 12. Bc4 Bxc5 13. Bxc5 Nxc5 14. Nf3
f6 15. h3 g5 16. Rd1 Bd3 17. b3 e4 18. Nd2 Rhe8 19. Nf1 f5 20. Ne3 f4 21. Nd5
b5 22. b4 Na4 23. Bb3 f3 24. g3 Be2 25. Rd2 Ne5 26. Bc2 Nd3+ 27. Bxd3 exd3 28.
Nf6 Re7 29. Nb1 Nb6 30. Na3 Rd6 31. Ng4 Rc7 32. Nb1 Nc4 33. a3 Re7 34. Ra2 Rde6
35. Ne3 Nxe3 36. fxe3 f2+ 37. Kxf2 Rf7+ 38. Ke1 Rxe3 39. Kd2 Rxg3 40. Kc1 Rc7
41. a4 bxa4 42. Rxa4 Rg2 43. Ra3 Bf3 0-1

[Event "Olympiade"]
[Site "Charlesbourg CAN"]
[Date "2014.12.15"]
[Round "6"]
[White "Belzil, Claude"]
[Black "Remillard, Sebastien"]
[Result "1-0"]
[WhiteElo "1293"]
[BlackElo "1214"]
[PlyCount "71"]
[EventDate "2014.11.10"]
[EventType "team"]
[EventRounds "6"]
[EventCountry "CAN"]

1. c4 e6 2. Nc3 d5 3. b3 d4 4. Ne4 f5 5. Ng3 Nf6 6. d3 Be7 7. e3 Nc6 8. a3 O-O
9. Bb2 e5 10. Nf3 f4 11. exf4 Bg4 12. fxe5 Nxe5 13. Be2 Nxf3+ 14. Bxf3 Bxf3 15.
Qxf3 Rb8 16. O-O c5 17. Rfe1 Nd7 18. Qd5+ Kh8 19. Nf5 Nf6 20. Qxd8 Bxd8 21. Re6
Ng8 22. Nd6 Nh6 23. h3 Bf6 24. Rae1 b6 25. Bc1 g5 26. Ne4 Rbe8 27. Nxf6 Rxf6
28. Rxe8+ Kg7 29. Bxg5 Rf7 30. R1e6 Ng8 31. b4 h6 32. Bh4 cxb4 33. axb4 Nf6 34.
Bxf6+ Rxf6 35. Rxf6 Kxf6 36. c5 1-0

[Event "Olympiade"]
[Site "Charlesbourg CAN"]
[Date "2014.12.15"]
[Round "6"]
[White "Garneau, Benoit"]
[Black "Tremblay-Alix, Eric"]
[Result "1-0"]
[WhiteElo "1915"]
[BlackElo "1803"]
[PlyCount "53"]
[EventDate "2014.11.10"]
[EventType "team"]
[EventRounds "6"]
[EventCountry "CAN"]

1. Nf3 Nf6 2. g3 c5 3. Bg2 d5 4. O-O Nc6 5. d4 cxd4 6. Nxd4 e5 7. Nxc6 bxc6 8.
c4 Bc5 9. Bg5 Bb7 10. Bxf6 gxf6 11. cxd5 cxd5 12. Qa4+ Qd7 13. Qxd7+ Kxd7 14.
Nc3 Ke6 15. Rfd1 e4 16. Rac1 Rac8 17. Bh3+ f5 18. Nxd5 Bxd5 19. Bxf5+ Ke5 20.
Bxc8 Rxc8 21. b4 Bc4 22. bxc5 Bxa2 23. c6 Be6 24. c7 f5 25. Rd8 Kf6 26. Rxc8
Bxc8 27. Rd1 1-0

[Event "Olympiade"]
[Site "Charlesbourg CAN"]
[Date "2014.12.15"]
[Round "6"]
[White "Glode, Martin"]
[Black "Abran, David"]
[Result "1/2-1/2"]
[WhiteElo "1812"]
[BlackElo "1881"]
[PlyCount "56"]
[EventDate "2014.11.10"]
[EventType "team"]
[EventRounds "6"]
[EventCountry "CAN"]

1. e4 c5 2. c3 b6 3. d4 Bb7 4. Bd3 Nf6 5. Nd2 e6 6. Ngf3 Be7 7. O-O d6 8. Re1
O-O 9. Qe2 Nbd7 10. Nf1 cxd4 11. cxd4 e5 12. Ng3 Re8 13. Bd2 exd4 14. Nxd4 Ne5
15. Bb5 Nfd7 16. Rac1 a6 17. Ba4 b5 18. Bc2 Ng6 19. Ndf5 Bf8 20. Qd1 Nc5 21.
Bc3 Rc8 22. Qg4 Ne6 23. h4 Rxc3 24. bxc3 Qc7 25. Bb3 Ne5 26. Qd1 Nc5 27. Bc2 g6
28. Ne3 Ne6 1/2-1/2

[Event "Olympiade"]
[Site "Charlesbourg CAN"]
[Date "2014.12.15"]
[Round "6"]
[White "Hirschberg, Valerian"]
[Black "Lessard, Claude"]
[Result "1-0"]
[WhiteElo "2323"]
[BlackElo "2058"]
[PlyCount "97"]
[EventDate "2014.11.10"]
[EventType "team"]
[EventRounds "6"]
[EventCountry "CAN"]

1. Nf3 Nf6 2. c4 e6 3. g3 d5 4. b3 dxc4 5. bxc4 b6 6. Bg2 Bb7 7. Bb2 Nbd7 8.
Nc3 Be7 9. O-O O-O 10. d4 c5 11. d5 exd5 12. cxd5 Bd6 13. e4 a6 14. a4 Ne5 15.
Nd2 Nd3 16. Ba3 Be5 17. Qc2 Nb4 18. Qb3 a5 19. Nc4 Bd4 20. Rad1 Re8 21. Bb2 Ba6
22. Rd2 Ng4 23. Nb5 Bxb5 24. axb5 Bxb2 25. Qxb2 Rb8 26. e5 h5 27. f4 Qd7 28. h3
Nh6 29. Nd6 Red8 30. Qb1 a4 31. Rf3 Qe7 32. Ra3 Rxd6 33. exd6 Qxd6 34. Qe4 Qd7
35. d6 Nf5 36. Rxa4 g6 37. Ra8 Rxa8 38. Qxa8+ Kg7 39. Qa1+ Kh7 40. Qf6 c4 41.
Bc6 Nxc6 42. bxc6 Qa7 43. d7 b5+ 44. Kh2 Qe3 45. Rg2 h4 46. Qxf7+ Kh6 47. Qxf5
hxg3+ 48. Rxg3 Qf2+ 49. Rg2 1-0

[Event "Olympiade"]
[Site "Charlesbourg CAN"]
[Date "2014.12.15"]
[Round "6"]
[White "Laflamme, Simon"]
[Black "Dube, Daniel"]
[Result "1-0"]
[WhiteElo "1959"]
[BlackElo "1902"]
[PlyCount "61"]
[EventDate "2014.11.10"]
[EventType "team"]
[EventRounds "6"]
[EventCountry "CAN"]

1. d4 Nf6 2. c4 e6 3. Nc3 Bb4 4. e3 b6 5. Nge2 c5 6. a3 Ba5 7. Bd2 Na6 8. d5
Bb7 9. e4 exd5 10. exd5 O-O 11. Ng3 Re8+ 12. Be2 Nc7 13. O-O d6 14. Qc2 b5 15.
b3 Nd7 16. Bd3 g6 17. Nge4 Qe7 18. Bf4 Bxc3 19. Bxd6 Qh4 20. Qxc3 Nxd5 21. cxd5
Rxe4 22. Bg3 Qe7 23. d6 Qe6 24. Bxe4 Qxe4 25. f3 Qc6 26. Rfe1 c4 27. bxc4 Qb6+
28. Kh1 Rc8 29. Re7 Rxc4 30. Re8+ Nf8 31. Rxf8+ 1-0

[Event "Olympiade"]
[Site "Charlesbourg CAN"]
[Date "2014.12.15"]
[Round "6"]
[White "Lapierre, Gaetan"]
[Black "Marquis, Paul"]
[Result "1-0"]
[WhiteElo "1899"]
[BlackElo "1968"]
[PlyCount "103"]
[EventDate "2014.11.10"]
[EventType "team"]
[EventRounds "6"]
[EventCountry "CAN"]

1. d4 Nf6 2. c4 g6 3. Nc3 Bg7 4. e4 d6 5. Nf3 O-O 6. Be2 e5 7. dxe5 dxe5 8.
Qxd8 Rxd8 9. Bg5 Re8 10. Rd1 Bg4 11. Nd2 Bxe2 12. Kxe2 Nc6 13. Nf3 Nd4+ 14.
Nxd4 exd4 15. Bxf6 dxc3 16. Bxg7 Kxg7 17. b3 Rxe4+ 18. Kd3 Rae8 19. Kxc3 Re2
20. Rd2 Kf6 21. Rhd1 c5 22. Rd6+ R8e6 23. Rxe6+ fxe6 24. Rd2 Rxd2 25. Kxd2 Ke5
26. Ke3 g5 27. g4 h6 28. h3 a6 29. a3 b6 30. a4 a5 31. f3 Kf6 32. Ke4 Kf7 33.
Ke5 Ke7 34. f4 gxf4 35. Kxf4 Kf6 36. h4 e5+ 37. Ke4 Ke6 38. g5 h5 39. g6 Kf6
40. g7 Kxg7 41. Kxe5 Kg6 42. Ke6 Kg7 43. Kf5 Kf7 44. Kg5 Ke6 45. Kxh5 Kf5 46.
Kh6 Kf6 47. h5 Ke5 48. Kg6 Kd4 49. h6 Kc3 50. h7 Kxb3 51. h8=Q Kxc4 52. Qb2 1-0

[Event "Ontario op"]
[Site "Toronto CAN"]
[Date "2014.05.17"]
[Round "1"]
[White "Cheng, Bindi"]
[Black "Southam, David"]
[Result "1-0"]
[WhiteElo "2509"]
[BlackElo "2231"]
[PlyCount "87"]
[EventDate "2014.05.17"]
[EventType "swiss"]
[EventRounds "6"]
[EventCountry "CAN"]

1. Nf3 d5 2. d4 e6 3. c4 c6 4. Nc3 dxc4 5. a4 Bb4 6. e3 b5 7. Bd2 a5 8. axb5
Bxc3 9. Bxc3 cxb5 10. b3 Bb7 11. bxc4 b4 12. Bb2 Nf6 13. c5 O-O 14. Bb5 Bc6 15.
Ba4 Bxa4 16. Qxa4 Qd5 17. O-O Nc6 18. Rfc1 Ne4 19. Qc2 f5 20. Ra4 Rfc8 21. Rca1
Rab8 22. Ne1 Rb5 23. Nd3 Rb7 24. Nf4 Qd7 25. g4 b3 26. Qe2 Qf7 27. gxf5 Qxf5
28. f3 Nf6 29. Nd3 Qg6+ 30. Kh1 Nd7 31. Rg1 Qh6 32. d5 exd5 33. Rxg7+ Qxg7 34.
Bxg7 Kxg7 35. Rg4+ Kf7 36. Rf4+ Ke7 37. Qg2 Kd8 38. Qg8+ Kc7 39. Qxd5 Kb8 40.
Ra4 Rcc7 41. Ra1 Rb5 42. Kg2 a4 43. Qg8+ Rc8 44. Qc4 1-0